<?xml version="1.0" encoding="UTF-8"?>
<collection xmlns="http://www.loc.gov/MARC21/slim">
    <record>
        <controlfield tag="001">63078</controlfield>
        <controlfield tag="005">20190709135448.0</controlfield>
        <datafield tag="024" ind1="7" ind2=" ">
            <subfield code="2">doi</subfield>
            <subfield code="a">10.5209/RCED.51722</subfield>
        </datafield>
        <datafield tag="024" ind1="8" ind2=" ">
            <subfield code="2">sideral</subfield>
            <subfield code="a">101756</subfield>
        </datafield>
        <datafield tag="037" ind1=" " ind2=" ">
            <subfield code="a">ART-2017-101756</subfield>
        </datafield>
        <datafield tag="041" ind1=" " ind2=" ">
            <subfield code="a">spa</subfield>
        </datafield>
        <datafield tag="100" ind1=" " ind2=" ">
            <subfield code="0">(orcid)0000-0003-1813-6435</subfield>
            <subfield code="a">Lerís López, Dolores</subfield>
            <subfield code="u">Universidad de Zaragoza</subfield>
        </datafield>
        <datafield tag="245" ind1=" " ind2=" ">
            <subfield code="a">Trabajo en equipo y estilos de aprendizaje en la educación superior</subfield>
        </datafield>
        <datafield tag="260" ind1=" " ind2=" ">
            <subfield code="c">2017</subfield>
        </datafield>
        <datafield tag="506" ind1="0" ind2=" ">
            <subfield code="a">Access copy available to the general public</subfield>
            <subfield code="f">Unrestricted</subfield>
        </datafield>
        <datafield tag="520" ind1="3" ind2=" ">
            <subfield code="a">El diseño pedagógico para la formación y evaluación de la competencia de trabajo en equipo ha de tener en cuenta los factores que influyen y mejoran la eficacia de los equipos. El modelo Inputs-Mediators-Outputs, ampliamente utilizado en el contexto de las organizaciones, conceptualiza esos factores en tres fases; en la primera de ellas, Inputs, se reúnen los aspectos de entrada que pueden afectar el funcionamiento del equipo y, en particular, se describe el valor de la heterogeneidad de los miembros de un equipo como variable que favorece la eficacia de ciertos tipos de equipos.  En este artículo, se presenta una investigación de un caso en la educación superior, en el que se ha generado un grupo experimental de equipos de composición heterogénea en cuanto a los estilos de aprendizaje preferentes de sus miembros y un grupo de control de equipos constituidos aleatoriamente, con el fin de contrastar la influencia de esa diferente composición con el rendimiento académico. Los resultados obtenidos en el estudio indican que no hay diferencias significativas entre el grupo experimental y el de control en cuanto a las calificaciones del alumnado; si bien, queda patente que el curso en el que se realizó el estudio se produjo un incremento sustancial del número de estudiantes que permanecieron en las asignaturas en comparación con los tres cursos anteriores. Por otro lado, se ha demostrado que el rol de coordinador está ligado al estilo de aprendizaje activo; a nuestro juicio, este dato parece revelar que es oportuno avanzar en esta línea de investigación, probando otro tipo de combinaciones de estilos.</subfield>
        </datafield>
        <datafield tag="540" ind1=" " ind2=" ">
            <subfield code="9">info:eu-repo/semantics/openAccess</subfield>
            <subfield code="a">All rights reserved</subfield>
            <subfield code="u">http://www.europeana.eu/rights/rr-f/</subfield>
        </datafield>
        <datafield tag="592" ind1=" " ind2=" ">
            <subfield code="a">0.322</subfield>
            <subfield code="b">2017</subfield>
        </datafield>
        <datafield tag="593" ind1=" " ind2=" ">
            <subfield code="a">Education</subfield>
            <subfield code="c">2017</subfield>
            <subfield code="d">Q3</subfield>
        </datafield>
        <datafield tag="655" ind1=" " ind2="4">
            <subfield code="a">info:eu-repo/semantics/article</subfield>
            <subfield code="v">info:eu-repo/semantics/publishedVersion</subfield>
        </datafield>
        <datafield tag="700" ind1=" " ind2=" ">
            <subfield code="0">(orcid)0000-0002-4103-0789</subfield>
            <subfield code="a">Letosa Fleta, Jesús</subfield>
            <subfield code="u">Universidad de Zaragoza</subfield>
        </datafield>
        <datafield tag="700" ind1=" " ind2=" ">
            <subfield code="0">(orcid)0000-0002-2941-5256</subfield>
            <subfield code="a">Usón Sardaña, Antonio</subfield>
            <subfield code="u">Universidad de Zaragoza</subfield>
        </datafield>
        <datafield tag="700" ind1=" " ind2=" ">
            <subfield code="0">(orcid)0000-0002-6857-5519</subfield>
            <subfield code="a">Allueva Torres, Pedro</subfield>
            <subfield code="u">Universidad de Zaragoza</subfield>
        </datafield>
        <datafield tag="700" ind1=" " ind2=" ">
            <subfield code="0">(orcid)0000-0002-0946-2864</subfield>
            <subfield code="a">Bueno García, Concepción</subfield>
            <subfield code="u">Universidad de Zaragoza</subfield>
        </datafield>
        <datafield tag="710" ind1="2" ind2=" ">
            <subfield code="1">2005</subfield>
            <subfield code="2">595</subfield>
            <subfield code="a">Universidad de Zaragoza</subfield>
            <subfield code="b">Dpto. Matemática Aplicada</subfield>
            <subfield code="c">Área Matemática Aplicada</subfield>
        </datafield>
        <datafield tag="710" ind1="2" ind2=" ">
            <subfield code="1">5009</subfield>
            <subfield code="2">535</subfield>
            <subfield code="a">Universidad de Zaragoza</subfield>
            <subfield code="b">Dpto. Ingeniería Eléctrica</subfield>
            <subfield code="c">Área Ingeniería Eléctrica</subfield>
        </datafield>
        <datafield tag="710" ind1="2" ind2=" ">
            <subfield code="1">4009</subfield>
            <subfield code="2">735</subfield>
            <subfield code="a">Universidad de Zaragoza</subfield>
            <subfield code="b">Dpto. Psicología y Sociología</subfield>
            <subfield code="c">Área Psicolog.Evolut.Educac</subfield>
        </datafield>
        <datafield tag="710" ind1="2" ind2=" ">
            <subfield code="1">4001</subfield>
            <subfield code="2">625</subfield>
            <subfield code="a">Universidad de Zaragoza</subfield>
            <subfield code="b">Dpto. Ciencias de la Educación</subfield>
            <subfield code="c">Área Métod.Invest.Diag.Educac.</subfield>
        </datafield>
        <datafield tag="773" ind1=" " ind2=" ">
            <subfield code="g">28, 4 (2017), 1267-1284</subfield>
            <subfield code="p">Rev. complut. educ.</subfield>
            <subfield code="t">Revista Complutense de Educacion</subfield>
            <subfield code="x">1130-2496</subfield>
        </datafield>
        <datafield tag="856" ind1="4" ind2=" ">
            <subfield code="s">449172</subfield>
            <subfield code="u">http://zaguan.unizar.es/record/63078/files/texto_completo.pdf</subfield>
            <subfield code="y">Versión publicada</subfield>
        </datafield>
        <datafield tag="856" ind1="4" ind2=" ">
            <subfield code="s">69004</subfield>
            <subfield code="u">http://zaguan.unizar.es/record/63078/files/texto_completo.jpg?subformat=icon</subfield>
            <subfield code="x">icon</subfield>
            <subfield code="y">Versión publicada</subfield>
        </datafield>
        <datafield tag="909" ind1="C" ind2="O">
            <subfield code="o">oai:zaguan.unizar.es:63078</subfield>
            <subfield code="p">articulos</subfield>
            <subfield code="p">driver</subfield>
        </datafield>
        <datafield tag="951" ind1=" " ind2=" ">
            <subfield code="a">2019-07-09-11:39:17</subfield>
        </datafield>
        <datafield tag="980" ind1=" " ind2=" ">
            <subfield code="a">ARTICLE</subfield>
        </datafield>
    </record>

    
</collection>